Quiz di cultura generale #4 - Statistics

Statistiche generali
  • Questo quiz è stato fatto 1.942 volte
  • Il punteggio medio è 10 su 20
Statistiche sulle risposte
DOMANDE RISPOSTE % Corretto
Cosa mangiano le piante carnivore? Insetti
87%
Chi ha registrato la canzone Poker Face? Lady Gaga
82%
Qual è il primo libro della Bibbia? Genesi
80%
Quale prigione è stata assaltata il 14 luglio 1789? Bastiglia
76%
Chi è stato il primo imperatore romano? Augusto/Ottaviano
67%
Scrivi correttamente la capitale dell'Islanda Reykjavik
64%
Quale organizzazione dell'ONU si preoccupa di preservare reperti e patrimoni storici? UNESCO
61%
Come si scrive 2159 in numeri romani? MMCLIX
59%
Quale nazione sudamericana ha vinto più maggiori concorsi di bellezza internazionali dietro agli USA? Venezuela
56%
Chi si è dimesso da papa nel 2013? Benedetto XVI
51%
Quale città giapponese venne risparmiata dai bombardamenti della WW2 a causa dei suoi patrimoni culturali? Kyoto
50%
Chi ha combattuto Clubber Lang e Ivan Drago? Rocky Balboa/Balboa
47%
In inglese si chiamano courgettes. In italiano? Zucchine
39%
In quale stato possiamo trovare la città di Haarlem? Olanda/Paesi Bassi
33%
A quale persona il patrimonio netto è diminuito di un record di $ 29 miliardi in un solo giorno a causa di un calo dello stock di Meta Systems nel 2022? Mark Zuckerberg/Zuckerberg
30%
Chi è il cantante dei Rolling Stones? Mick Jagger/Jagger
27%
Chi è il marito di Steffi Graf? (è un tennista famoso) Agassi/Andre Agassi
18%
La regione più piccola della Francia continentale Ile-de France
12%
Quale nazione ha come inno non ufficiale "Waltzing Matilda" Australia
8%
Isola principale del Giappone Honshu
8%
Nessun quiz corrispondente trovato
Distribuzione punteggi
Percentuale di utenti per punteggio
Percentile per numero di risposta
I tuoi punteggi nel tempo
Non hai fatto questo quiz